Poistka pred veľkou pokutou
Úniky osobných údajov bude postihovať európska smernica GDPR (General data protection regulation), ktorá má platiť od mája 2018. V prípade úniku osobných údajov, ktoré boli nedostatočne zabezpečené, bude firma pokutovaná. Solídnu ochranu poskytuje firmám šifrovanie. V prieskume firmy priznali, že me...
Gespeichert in:
| 1. Verfasser: | |
|---|---|
| Weitere Verfasser: | |
| Format: | Buchkapitel |
| Sprache: | Slowakisch |
| Schlagworte: | |
| Tags: |
Keine Tags, Fügen Sie das erste Tag hinzu!
|
MARC
| LEADER | 00000naa a2200000 4500 | ||
|---|---|---|---|
| 001 | 0231155 | ||
| 005 | 20170601111332.3 | ||
| 041 | 0 | |a slo | |
| 044 | |a SK | ||
| 245 | 1 | 0 | |a Poistka pred veľkou pokutou |c Peter Stančík, Ondrej Kubovič |
| 520 | |a Úniky osobných údajov bude postihovať európska smernica GDPR (General data protection regulation), ktorá má platiť od mája 2018. V prípade úniku osobných údajov, ktoré boli nedostatočne zabezpečené, bude firma pokutovaná. Solídnu ochranu poskytuje firmám šifrovanie. V prieskume firmy priznali, že medzi najčastejšie uniknuté dáta patria údaje o zákazníkoch, zamestnancoch a finančné dáta. | ||
| 610 | 2 | 0 | |a ochrana údajov osobných |
| 610 | 2 | 0 | |a smernice |
| 610 | 2 | 0 | |a regulácia |
| 610 | 2 | 0 | |a bezpečnosť informačná |
| 610 | 2 | 0 | |a firmy |
| 100 | 1 | |a Stančík, Peter | |
| 700 | 1 | |a Kubovič, Ondrej | |